000 00764nam a22002172 4500
001 0000004755
005 20151217151940.0
008 070529s xx 000 0 eng d
020 _a9517089171 :
040 _aKABU
_cKABU
050 0 _aSD237
_b.F67
245 1 0 _aForests, chiefs and peasants in Africa :
_blocal management of natural resources in Tanzania, Zimbabwe and Mozambique /
_ceditors, Pekka Virtanen and Matti Nummelit.
260 _aJoensuu, Finland :
_bUniversity of Joensuu,
_c2000.
300 _a229 p. ;
_c cm.
650 0 _aForest management
_zAfrica.
_@0000155526
700 1 _aVirtanen, Pekka.
_@0000155527
700 1 _aNummelit, Matti.
_@0000155528
908 _a070529
950 _@1
999 _c6640
_d6640